[Event "Bundesliga 0001"]
[Site "Deutschland"]
[Date "2001.03.31"]
[Round "12.3"]
[White "Berg, Emanuel"]
[Black "Slobodjan, Roman"]
[Result "1/2-1/2"]
[WhiteElo "2456"]
[BlackElo "2539"]
[PlyCount "201"]
[EventDate "2000.10.14"]
[EventType "team"]
[EventRounds "15"]
[EventCountry "GER"]
[SourceTitle "Bundesliga 0001"]
[Source "DeepChess"]
[SourceDate "2005.01.01"]
[SourceVersion "1"]
[SourceVersionDate "2005.01.01"]
[SourceQuality "1"]
[WhiteTeam "SF 1982 Baiertal Schatthausen"]
[BlackTeam "USC Magdeburg"]
[WhiteTeamCountry "GER"]
[BlackTeamCountry "GER"]

1. e4 e6 2. d4 d5 3. Nc3 dxe4 4. Nxe4 Nd7 5. c4 Ngf6 6. Nc3 c5 7. d5 Nb6 8. Bf4
Bd6 9. Bxd6 Qxd6 10. Nb5 Qd8 11. dxe6 Bxe6 12. Qd6 Qxd6 13. Nxd6+ Ke7 14. Nxb7
Nxc4 15. Nxc5 Nxb2 16. Nxe6 Kxe6 17. Nf3 Rhd8 18. Rb1 Rab8 19. Be2 Ne4 20. O-O
Nc3 21. Rbe1 Kf6 22. g4 h6 23. Nh4 Rd2 24. Ba6 Nxa2 25. f4 g6 26. g5+ Kg7 27.
Re7 Nb4 28. f5 hxg5 29. Nf3 Kf6 30. Rxa7 Rd1 31. Rxd1 Nxd1 32. Bc4 Rf8 33. fxg6
fxg6 34. Rb7 Nc6 35. Rb6 Ke7 36. Bd5 Nd8 37. Ne5 Rf5 38. Nxg6+ Kd7 39. Be4 Rc5
40. Nf8+ Ke7 41. Ng6+ Kd7 42. Bf3 Ne3 43. Kf2 Nf5 44. Bg4 Rc2+ 45. Ke1 Kc7 46.
Bxf5 Rxh2 47. Rb4 Nc6 48. Rg4 Kd6 49. Bd3 Ne5 50. Nxe5 Kxe5 51. Rxg5+ Kf4 52.
Rd5 Ke3 53. Bf1 Ke4 54. Ra5 Rb2 55. Be2 Rb4 56. Kf2 Kf4 57. Ra3 Rd4 58. Rh3 Ke4
59. Rh8 Kf4 60. Rf8+ Ke5 61. Bf3 Rb4 62. Rh8 Rb2+ 63. Kg3 Rb4 64. Rh5+ Kd4 65.
Rd5+ Ke3 66. Re5+ Kd3 67. Be2+ Kd4 68. Kf4 Rb8 69. Bg4 Rb4 70. Bf3 Rb8 71. Rd5+
Kc4 72. Be4 Rf8+ 73. Ke3 Rh8 74. Rf5 Rh3+ 75. Bf3 Rg3 76. Ke4 Rg7 77. Be2+ Kc3
78. Rc5+ Kb4 79. Rc4+ Kb3 80. Rc6 Re7+ 81. Kd3 Rd7+ 82. Ke3 Re7+ 83. Kd2 Kb4
84. Bc4 Rd7+ 85. Ke3 Rd8 86. Ke4 Rh8 87. Bd5 Rh1 88. Ke5 Re1+ 89. Kd6 Re8 90.
Rc4+ Kb5 91. Rc3 Rd8+ 92. Ke5 Rh8 93. Kd4 Rh4+ 94. Be4 Kb4 95. Rc1 Rh3 96. Rg1
Rb3 97. Bd3 Rb2 98. Ra1 Rb3 99. Bc2 Rb2 100. Be4 Rd2+ 101. Bd3 1/2-1/2

[Event "Bundesliga 0001"]
[Site "Deutschland"]
[Date "2001.03.31"]
[Round "12.5"]
[White "Duppel, Matthias"]
[Black "Georgiev, Vladimir"]
[Result "0-1"]
[WhiteElo "2376"]
[BlackElo "2564"]
[PlyCount "76"]
[EventDate "2000.10.14"]
[EventType "team"]
[EventRounds "15"]
[EventCountry "GER"]
[SourceTitle "Bundesliga 0001"]
[Source "DeepChess"]
[SourceDate "2005.01.01"]
[SourceVersion "1"]
[SourceVersionDate "2005.01.01"]
[SourceQuality "1"]
[WhiteTeam "SF 1982 Baiertal Schatthausen"]
[BlackTeam "USC Magdeburg"]
[WhiteTeamCountry "GER"]
[BlackTeamCountry "GER"]

1. d4 d6 2. e4 g6 3. c4 Bg7 4. Nc3 c5 5. d5 Bxc3+ 6. bxc3 e5 7. Bd3 Qa5 8. Qb3
f5 9. f4 fxe4 10. Bxe4 Nf6 11. Bc2 e4 12. Ne2 O-O 13. O-O Bf5 14. h3 h5 15.
Qxb7 Nbd7 16. Qb5 Qd8 17. Rb1 Qe7 18. Be3 Rab8 19. Qa6 Nb6 20. Bb3 h4 21. Rbe1
Nh5 22. Qa5 Rf7 23. Rf2 Rbf8 24. Qa3 Qb7 25. Qa5 Qc7 26. Rd1 Bc8 27. Qa3 Ng7
28. Kh2 Nf5 29. Bc1 Qe7 30. Rg1 e3 31. Rf3 Qe4 32. Qb2 Ba6 33. Qc2 Qxc2 34.
Bxc2 Bxc4 35. Bxf5 gxf5 36. Rxe3 Nxd5 37. Re6 Rf6 38. Rxf6 Nxf6 0-1

[Event "Bundesliga 0001"]
[Site "Deutschland"]
[Date "2001.03.31"]
[Round "12.6"]
[White "Proehl, Holger"]
[Black "Meissner, Bernd Guenther"]
[Result "1/2-1/2"]
[WhiteElo "2386"]
[BlackElo "2372"]
[PlyCount "102"]
[EventDate "2000.10.14"]
[EventType "team"]
[EventRounds "15"]
[EventCountry "GER"]
[SourceTitle "Bundesliga 0001"]
[Source "DeepChess"]
[SourceDate "2005.01.01"]
[SourceVersion "1"]
[SourceVersionDate "2005.01.01"]
[SourceQuality "1"]
[WhiteTeam "USC Magdeburg"]
[BlackTeam "SF 1982 Baiertal Schatthausen"]
[WhiteTeamCountry "GER"]
[BlackTeamCountry "GER"]

1. e4 e5 2. Nc3 Nc6 3. g3 Bc5 4. Bg2 d6 5. Nge2 Nge7 6. O-O O-O 7. d3 f5 8. Na4
fxe4 9. Nxc5 dxc5 10. Bxe4 Bh3 11. Re1 Bg4 12. c3 Qe8 13. Qb3+ Kh8 14. Kg2 Qh5
15. Qc2 Bh3+ 16. Kg1 Nf5 17. Kh1 Nd6 18. Ng1 Nxe4 19. dxe4 Bg4 20. Be3 b6 21.
Kg2 Rf6 22. h3 Be6 23. Rad1 Qf7 24. b3 a5 25. Rd2 a4 26. Rb1 axb3 27. axb3 Na5
28. c4 Nc6 29. Qd1 Rf8 30. Ra1 h6 31. Rda2 g5 32. Ra8 Qg6 33. Rxf8+ Rxf8 34. f3
h5 35. Ra2 g4 36. Qb1 gxf3+ 37. Kh2 Rg8 38. Bf2 Nd4 39. Qd3 Bd7 40. Nxf3 Qe6
41. Ng1 Rf8 42. Bxd4 exd4 43. Re2 h4 44. gxh4 Rg8 45. Qd2 Qe5+ 46. Kh1 Rg6 47.
h5 Qxh5 48. Qf4 Bc6 49. Qf8+ Kh7 50. Qf7+ Kh6 51. Qf8+ Kh7 1/2-1/2

[Event "Bundesliga 0001"]
[Site "Deutschland"]
[Date "2001.03.31"]
[Round "12.7"]
[White "Koch, Wolfgang Max"]
[Black "Markgraf, Alexander"]
[Result "1/2-1/2"]
[WhiteElo "2335"]
[BlackElo "2274"]
[PlyCount "93"]
[EventDate "2000.10.14"]
[EventType "team"]
[EventRounds "15"]
[EventCountry "GER"]
[SourceTitle "Bundesliga 0001"]
[Source "DeepChess"]
[SourceDate "2005.01.01"]
[SourceVersion "1"]
[SourceVersionDate "2005.01.01"]
[SourceQuality "1"]
[WhiteTeam "SF 1982 Baiertal Schatthausen"]
[BlackTeam "USC Magdeburg"]
[WhiteTeamCountry "GER"]
[BlackTeamCountry "GER"]

1. d4 g6 2. c4 Bg7 3. e4 d6 4. Nc3 Nc6 5. d5 Nd4 6. Be3 c5 7. Nge2 Qb6 8. Na4
Qa5+ 9. Bd2 Qa6 10. Nxd4 Bxd4 11. Nc3 Qb6 12. Nb5 Bg7 13. Qa4 Bd7 14. Ba5 Qa6
15. Nc7+ Kf8 16. Qa3 Bxb2 17. Qxb2 Qxa5+ 18. Ke2 Rc8 19. Qxh8 Rxc7 20. Qb2 b5
21. Ke3 Rb7 22. Rc1 Rb6 23. Qd2 Qa4 24. Bd3 Nf6 25. f3 e6 26. Qc2 bxc4 27. Qxa4
Bxa4 28. Bxc4 exd5 29. exd5 Rb2 30. g4 Bb5 31. g5 Bxc4 32. gxf6 Bxa2 33. Rc3 h6
34. Ra3 Kg8 35. h4 Kh7 36. Rxa7 Bxd5 37. Rd1 Rb3+ 38. Rd3 c4 39. Rxb3 cxb3 40.
Kd3 g5 41. hxg5 hxg5 42. Ra5 Bxf3 43. Rxg5 Kh6 44. Rg8 Bd5 45. Kd4 Be6 46. Ke4
b2 47. Rb8 1/2-1/2

[Event "Bundesliga 0001"]
[Site "Deutschland"]
[Date "2001.03.31"]
[Round "12.8"]
[White "Studeny, Steffen"]
[Black "Balzar, Andreas"]
[Result "1/2-1/2"]
[WhiteElo "2271"]
[BlackElo "2346"]
[PlyCount "83"]
[EventDate "2000.10.14"]
[EventType "team"]
[EventRounds "15"]
[EventCountry "GER"]
[SourceTitle "Bundesliga 0001"]
[Source "DeepChess"]
[SourceDate "2005.01.01"]
[SourceVersion "1"]
[SourceVersionDate "2005.01.01"]
[SourceQuality "1"]
[WhiteTeam "USC Magdeburg"]
[BlackTeam "SF 1982 Baiertal Schatthausen"]
[WhiteTeamCountry "GER"]
[BlackTeamCountry "GER"]

1. d4 d5 2. Nf3 Nf6 3. c4 c6 4. e3 e6 5. Bd3 Nbd7 6. O-O Ne4 7. Nbd2 f5 8. Ne5
Nxe5 9. dxe5 Be7 10. Qe2 O-O 11. Bc2 Qc7 12. f4 Bd7 13. Nf3 b5 14. cxb5 cxb5
15. Bxe4 dxe4 16. Nd4 Qb6 17. b3 Rfc8 18. Bb2 a5 19. a3 b4 20. a4 Qa6 21. Qxa6
Rxa6 22. Rfd1 Ra7 23. Rac1 Rac7 24. Rxc7 Rxc7 25. Rc1 Bd8 26. Rxc7 Bxc7 27. Kf2
Kf7 28. Ke2 Ke7 29. Nc2 Bc6 30. Bd4 Bd5 31. Bc5+ Kd7 32. Nd4 Bd8 33. Kd2 Kc7
34. g3 g5 35. Ke2 gxf4 36. gxf4 Kd7 37. Kf2 Ke8 38. Kg2 Kf7 39. Kh3 Kg6 40. Kg3
Kh5 41. Kg2 Kg4 42. h3+ 1/2-1/2

[Event "Bundesliga 0001"]
[Site "Deutschland"]
[Date "2001.03.31"]
[Round "12.3"]
[White "Bunzmann, Dimitrij"]
[Black "Van Wely, Loek"]
[Result "0-1"]
[WhiteElo "2484"]
[BlackElo "2643"]
[PlyCount "90"]
[EventDate "2000.10.14"]
[EventType "team"]
[EventRounds "15"]
[EventCountry "GER"]
[SourceTitle "Bundesliga 0001"]
[Source "DeepChess"]
[SourceDate "2005.01.01"]
[SourceVersion "1"]
[SourceVersionDate "2005.01.01"]
[SourceQuality "1"]
[WhiteTeam "SF Neukoelln 03 e.V."]
[BlackTeam "SG Porz e.V."]
[WhiteTeamCountry "GER"]
[BlackTeamCountry "GER"]

1. d4 Nf6 2. Nf3 g6 3. c4 Bg7 4. Nc3 d5 5. cxd5 Nxd5 6. e4 Nxc3 7. bxc3 c5 8.
Rb1 O-O 9. Be2 cxd4 10. cxd4 Qa5+ 11. Bd2 Qxa2 12. O-O Bg4 13. Bg5 h6 14. Be3
Nc6 15. d5 Na5 16. Bc5 b6 17. Bxe7 Rfe8 18. d6 Nc6 19. Bb5 Nxe7 20. Bxe8 Rxe8
21. dxe7 Qa3 22. Re1 Qxe7 23. h3 Be6 24. Qa4 Qd7 25. Qa6 Rd8 26. Re3 Qc7 27.
Rd3 Rc8 28. Ra3 Qc2 29. Re1 Rc7 30. Rd3 Bf6 31. Qb5 Qc4 32. Qe8+ Kh7 33. Ra3 a5
34. Qb8 Rc6 35. Rb1 Qc2 36. Re1 Bc3 37. Rf1 Bb2 38. Re3 a4 39. Qb7 a3 40. Rxa3
Bxa3 41. Nd4 Qxe4 42. Nxc6 Bd5 43. f3 Bc5+ 44. Kh1 Qe8 45. Rd1 Qxc6 0-1

[Event "Bundesliga 0001"]
[Site "Deutschland"]
[Date "2001.03.31"]
[Round "12.6"]
[White "Hansen, Curt"]
[Black "Hellsten, Johan"]
[Result "1-0"]
[WhiteElo "2613"]
[BlackElo "2470"]
[PlyCount "63"]
[EventDate "2000.10.14"]
[EventType "team"]
[EventRounds "15"]
[EventCountry "GER"]
[SourceTitle "Bundesliga 0001"]
[Source "DeepChess"]
[SourceDate "2005.01.01"]
[SourceVersion "1"]
[SourceVersionDate "2005.01.01"]
[SourceQuality "1"]
[WhiteTeam "SG Porz e.V."]
[BlackTeam "SF Neukoelln 03 e.V."]
[WhiteTeamCountry "GER"]
[BlackTeamCountry "GER"]

1. d4 Nf6 2. c4 e6 3. Nf3 b6 4. a3 Bb7 5. Nc3 d5 6. cxd5 exd5 7. Bf4 Be7 8. e3
O-O 9. Be2 c5 10. Ne5 Nbd7 11. O-O cxd4 12. exd4 Ne4 13. Rc1 Nxe5 14. dxe5 Nc5
15. Nb5 Ne6 16. Bg3 Ba6 17. Nd6 Bxe2 18. Qxe2 Qd7 19. Rfd1 d4 20. h4 f5 21. Qc4
Kh8 22. Rxd4 Nxd4 23. Qxd4 Qe6 24. Rc7 Bd8 25. Rb7 f4 26. Bxf4 Bxh4 27. Qe3 Be7
28. Qg3 g6 29. Bg5 Bxd6 30. exd6 Rf7 31. Rxf7 Qxf7 32. Qf3 1-0

[Event "Bundesliga 0001"]
[Site "Deutschland"]
[Date "2001.03.31"]
[Round "12.7"]
[White "Poldauf, Dirk"]
[Black "Graf, Alexander"]
[Result "1-0"]
[WhiteElo "2421"]
[BlackElo "2642"]
[PlyCount "47"]
[EventDate "2000.10.14"]
[EventType "team"]
[EventRounds "15"]
[EventCountry "GER"]
[SourceTitle "Bundesliga 0001"]
[Source "DeepChess"]
[SourceDate "2005.01.01"]
[SourceVersion "1"]
[SourceVersionDate "2005.01.01"]
[SourceQuality "1"]
[WhiteTeam "SF Neukoelln 03 e.V."]
[BlackTeam "SG Porz e.V."]
[WhiteTeamCountry "GER"]
[BlackTeamCountry "GER"]

1. c4 e5 2. Nc3 d6 3. Nf3 f5 4. d4 e4 5. Ng5 Be7 6. Nh3 Nf6 7. g3 c6 8. d5 Ng4
9. f3 Ne5 10. fxe4 Nxc4 11. exf5 Bxf5 12. e4 Bxh3 13. Bxc4 Qd7 14. Bf4 Bf6 15.
Qd2 Bxc3 16. Qxc3 cxd5 17. Bxd5 Nc6 18. O-O-O Ne7 19. Qxg7 O-O-O 20. Bb3 Qc6+
21. Kb1 Qxe4+ 22. Bc2 Qe6 23. Rhe1 Nf5 24. Qc3+ 1-0

[Event "Bundesliga 0001"]
[Site "Deutschland"]
[Date "2001.03.31"]
[Round "12.8"]
[White "Nijboer, Friso"]
[Black "Rudolf, Henrik"]
[Result "1-0"]
[WhiteElo "2537"]
[BlackElo "2308"]
[PlyCount "77"]
[EventDate "2000.10.14"]
[EventType "team"]
[EventRounds "15"]
[EventCountry "GER"]
[SourceTitle "Bundesliga 0001"]
[Source "DeepChess"]
[SourceDate "2005.01.01"]
[SourceVersion "1"]
[SourceVersionDate "2005.01.01"]
[SourceQuality "1"]
[WhiteTeam "SG Porz e.V."]
[BlackTeam "SF Neukoelln 03 e.V."]
[WhiteTeamCountry "GER"]
[BlackTeamCountry "GER"]

1. e4 g6 2. d4 Bg7 3. Nf3 d6 4. c3 Nf6 5. Bd3 O-O 6. O-O Nc6 7. b4 Nd7 8. Nbd2
e5 9. b5 Ne7 10. a4 Kh8 11. Ba3 Ng8 12. Qc2 Re8 13. Nc4 Nh6 14. Ne3 Nf6 15.
dxe5 dxe5 16. Rfd1 Bg4 17. Nxg4 Nfxg4 18. Bc4 Qc8 19. h3 Nf6 20. Ng5 Bf8 21.
Nxf7+ Nxf7 22. Bxf7 Rd8 23. Rxd8 Qxd8 24. Rd1 Qc8 25. Bb2 Bc5 26. c4 Kg7 27.
Bd5 c6 28. Bxe5 cxd5 29. cxd5 Be7 30. Qb2 Qf8 31. Rd3 Re8 32. Rf3 Bd8 33. g4 h6
34. h4 g5 35. hxg5 hxg5 36. Rf5 Kg6 37. Bxf6 Bxf6 38. e5 Rxe5 39. Qxe5 1-0

[Event "Bundesliga 0001"]
[Site "Deutschland"]
[Date "2001.03.31"]
[Round "12.2"]
[White "Kasimdzhanov, Rustam"]
[Black "Hertneck, Gerald"]
[Result "1-0"]
[WhiteElo "2690"]
[BlackElo "2541"]
[PlyCount "47"]
[EventDate "2000.10.14"]
[EventType "team"]
[EventRounds "15"]
[EventCountry "GER"]
[SourceTitle "Bundesliga 0001"]
[Source "DeepChess"]
[SourceDate "2005.01.01"]
[SourceVersion "1"]
[SourceVersionDate "2005.01.01"]
[SourceQuality "1"]
[WhiteTeam "SG 1868 Aljech. Solingen"]
[BlackTeam "TV Tegernsee"]
[WhiteTeamCountry "GER"]
[BlackTeamCountry "GER"]

1. d4 Nf6 2. c4 e6 3. Nc3 d5 4. Bg5 Nbd7 5. Nf3 Be7 6. cxd5 exd5 7. e3 c6 8.
Qc2 Nh5 9. Bxe7 Qxe7 10. O-O-O Nb6 11. Ne5 g6 12. g4 Ng7 13. h3 Be6 14. Be2
O-O-O 15. Na4 Nxa4 16. Qxa4 Kb8 17. Rd3 Rd6 18. Ra3 b6 19. Kb1 Rc8 20. Rc1 c5
21. dxc5 bxc5 22. Ba6 Rc7 23. Rb3+ Ka8 24. Rxc5 1-0

[Event "Bundesliga 0001"]
[Site "Deutschland"]
[Date "2001.03.31"]
[Round "12.3"]
[White "Beim, Valery"]
[Black "Jussupow, Artur"]
[Result "1/2-1/2"]
[WhiteElo "2528"]
[BlackElo "2610"]
[PlyCount "35"]
[EventDate "2000.10.14"]
[EventType "team"]
[EventRounds "15"]
[EventCountry "GER"]
[SourceTitle "Bundesliga 0001"]
[Source "DeepChess"]
[SourceDate "2005.01.01"]
[SourceVersion "1"]
[SourceVersionDate "2005.01.01"]
[SourceQuality "1"]
[WhiteTeam "TV Tegernsee"]
[BlackTeam "SG 1868 Aljech. Solingen"]
[WhiteTeamCountry "GER"]
[BlackTeamCountry "GER"]

1. c4 e6 2. Nc3 d5 3. d4 Nf6 4. cxd5 exd5 5. Bg5 Be7 6. e3 O-O 7. Bd3 Nbd7 8.
Nf3 Re8 9. Qc2 Nf8 10. h3 Be6 11. O-O c6 12. a3 Rc8 13. b4 N6d7 14. Bxe7 Qxe7
15. Nd2 Qh4 16. Ne2 Nf6 17. Nf4 Bd7 18. Nf3 1/2-1/2

[Event "Bundesliga 0001"]
[Site "Deutschland"]
[Date "2001.03.31"]
[Round "12.4"]
[White "Huebner, Robert"]
[Black "Teske, Henrik"]
[Result "0-1"]
[WhiteElo "2615"]
[BlackElo "2463"]
[PlyCount "142"]
[EventDate "2000.10.14"]
[EventType "team"]
[EventRounds "15"]
[EventCountry "GER"]
[SourceTitle "Bundesliga 0001"]
[Source "DeepChess"]
[SourceDate "2005.01.01"]
[SourceVersion "1"]
[SourceVersionDate "2005.01.01"]
[SourceQuality "1"]
[WhiteTeam "SG 1868 Aljech. Solingen"]
[BlackTeam "TV Tegernsee"]
[WhiteTeamCountry "GER"]
[BlackTeamCountry "GER"]

1. d4 d5 2. c4 e6 3. Nc3 Nf6 4. Nf3 Nbd7 5. Bg5 h6 6. Bh4 Be7 7. e3 O-O 8. Qc2
c5 9. O-O-O dxc4 10. dxc5 Qa5 11. c6 bxc6 12. Nd2 Ba6 13. Bxc4 Nc5 14. Bxa6
Qxa6 15. Nb3 Nxb3+ 16. Qxb3 Rab8 17. Qa4 Qb7 18. Rd2 Nd5 19. Nxd5 cxd5 20. Bxe7
Qxe7 21. Rc2 Rb4 22. Qa6 Rfb8 23. Rd1 R4b6 24. Rc8+ Kh7 25. Qd3+ f5 26. Rxb8
Rxb8 27. g3 Qb4 28. Qd4 Kg6 29. Qxb4 Rxb4 30. Rd4 Rb7 31. Ra4 Kg5 32. h3 Kf6
33. b3 g5 34. Kd2 h5 35. h4 g4 36. b4 Ke5 37. Kd3 Rc7 38. Ra6 Rc1 39. a4 Rc4
40. b5 Rc7 41. Kd2 Kf6 42. Ke2 Ke5 43. Kd3 Kf6 44. Ke2 Ke5 45. f4+ gxf3+ 46.
Kxf3 Rg7 47. a5 Rc7 48. Rc6 Rxc6 49. bxc6 Kd6 50. Kf4 Kxc6 51. Kg5 e5 52. Kxf5
d4 53. exd4 exd4 54. Ke4 Kc5 55. g4 hxg4 56. h5 g3 57. h6 g2 58. h7 g1=Q 59.
h8=Q Qe1+ 60. Kf4 Qd2+ 61. Kf3 Qe3+ 62. Kg2 d3 63. Qb8 Kc4 64. Qc8+ Qc5 65.
Qe6+ Kc3 66. Qf6+ Kc2 67. a6 d2 68. Qg6+ Kc1 69. Qh6 Qd5+ 70. Kf2 Kb2 71. Qg7+
Ka2 0-1

[Event "Bundesliga 0001"]
[Site "Deutschland"]
[Date "2001.03.31"]
[Round "12.5"]
[White "Gross, David2"]
[Black "Emms, John M"]
[Result "1-0"]
[WhiteElo "2484"]
[BlackElo "2527"]
[PlyCount "119"]
[EventDate "2000.10.14"]
[EventType "team"]
[EventRounds "15"]
[EventCountry "GER"]
[SourceTitle "Bundesliga 0001"]
[Source "DeepChess"]
[SourceDate "2005.01.01"]
[SourceVersion "1"]
[SourceVersionDate "2005.01.01"]
[SourceQuality "1"]
[WhiteTeam "TV Tegernsee"]
[BlackTeam "SG 1868 Aljech. Solingen"]
[WhiteTeamCountry "GER"]
[BlackTeamCountry "GER"]

1. e4 c5 2. Nf3 Nc6 3. d4 cxd4 4. Nxd4 e6 5. Nb5 d6 6. Bf4 e5 7. Be3 Be6 8. Nd2
a6 9. Nc3 Nf6 10. Bg5 Be7 11. Bxf6 Bxf6 12. Nc4 O-O 13. Qxd6 Bg5 14. Bd3 Bxc4
15. Qxd8 Raxd8 16. Bxc4 Rd2 17. h4 Bh6 18. Rd1 Rxc2 19. Bb3 Rc1 20. O-O Rxd1
21. Rxd1 Nd4 22. Bd5 b5 23. Kf1 Rb8 24. Ne2 Nxe2 25. Kxe2 Kf8 26. Rd3 b4 27.
Bc4 Ke7 28. Rd5 f6 29. Ra5 Rb6 30. Bxa6 b3 31. Bc4 bxa2 32. Rxa2 Rd6 33. Bd5 f5
34. Kd3 fxe4+ 35. Kxe4 Kf6 36. b4 Rb6 37. Rb2 g6 38. b5 Bf8 39. Rb3 Bc5 40.
Rf3+ Ke7 41. Rf7+ Kd6 42. Bc4 Rb8 43. f3 Bf2 44. Rxh7 Rf8 45. Rf7 Rh8 46. Rf6+
Kc5 47. Rc6+ Kb4 48. g4 Bxh4 49. b6 Rb8 50. Bd5 Kb5 51. Rxg6 Rxb6 52. Bc4+ Kc5
53. Rxb6 Kxb6 54. Kxe5 Kc7 55. f4 Kd7 56. Kf5 Bg3 57. g5 Ke7 58. Kg4 Be1 59. f5
Bc3 60. Kh5 1-0

[Event "Bundesliga 0001"]
[Site "Deutschland"]
[Date "2001.03.31"]
[Round "12.6"]
[White "Lobron, Eric"]
[Black "Kachiani Gersinska, Ketino"]
[Result "1-0"]
[WhiteElo "2530"]
[BlackElo "2448"]
[PlyCount "89"]
[EventDate "2000.10.14"]
[EventType "team"]
[EventRounds "15"]
[EventCountry "GER"]
[SourceTitle "Bundesliga 0001"]
[Source "DeepChess"]
[SourceDate "2005.01.01"]
[SourceVersion "1"]
[SourceVersionDate "2005.01.01"]
[SourceQuality "1"]
[WhiteTeam "SG 1868 Aljech. Solingen"]
[BlackTeam "TV Tegernsee"]
[WhiteTeamCountry "GER"]
[BlackTeamCountry "GER"]

1. d4 Nf6 2. Nf3 g6 3. c4 Bg7 4. Nc3 O-O 5. e4 d6 6. Be2 e5 7. O-O Nc6 8. d5
Ne7 9. b4 a5 10. bxa5 c5 11. Rb1 Rxa5 12. a3 h6 13. Nh4 Ra6 14. Rb3 Kh8 15. g3
Bh3 16. Ng2 Rb6 17. Bd2 Nd7 18. Nb5 Ra6 19. Bg4 Bxg2 20. Kxg2 f5 21. Bf3 f4 22.
Qe2 g5 23. Bg4 Nf6 24. Be6 Ra4 25. f3 h5 26. Rfb1 Bh6 27. gxf4 gxf4 28. Kh1 Bg5
29. Rg1 Nh7 30. Qf1 Ng8 31. Bf5 Ngf6 32. Nc3 Ra7 33. Qh3 Rg8 34. Be6 Rg7 35.
Be1 b6 36. Qf5 Bh6 37. Bf2 Rxg1+ 38. Kxg1 Rg7+ 39. Kf1 Rg5 40. Qh3 Rg7 41. Na4
Ng5 42. Qf5 Nxf3 43. Rxf3 Qa8 44. Qxf6 Bg5 45. Qf5 1-0

[Event "Bundesliga 0001"]
[Site "Deutschland"]
[Date "2001.03.31"]
[Round "12.7"]
[White "Pezerovic, Edin"]
[Black "Naumann, Alexander"]
[Result "1/2-1/2"]
[WhiteElo "2426"]
[BlackElo "2489"]
[PlyCount "32"]
[EventDate "2000.10.14"]
[EventType "team"]
[EventRounds "15"]
[EventCountry "GER"]
[SourceTitle "Bundesliga 0001"]
[Source "DeepChess"]
[SourceDate "2005.01.01"]
[SourceVersion "1"]
[SourceVersionDate "2005.01.01"]
[SourceQuality "1"]
[WhiteTeam "TV Tegernsee"]
[BlackTeam "SG 1868 Aljech. Solingen"]
[WhiteTeamCountry "GER"]
[BlackTeamCountry "GER"]

1. Nf3 Nf6 2. d4 d5 3. c4 c6 4. Nc3 dxc4 5. a4 Bf5 6. e3 e6 7. Bxc4 Bb4 8. O-O
Nbd7 9. Na2 Bd6 10. b4 Qe7 11. Qb3 O-O 12. Bb2 e5 13. dxe5 Nxe5 14. Nxe5 Bxe5
15. Bxe5 Qxe5 16. Qc3 Qxc3 1/2-1/2

[Event "Bundesliga 0001"]
[Site "Deutschland"]
[Date "2001.03.31"]
[Round "12.8"]
[White "Schaefer, Markus"]
[Black "Bromberger, Stefan"]
[Result "1-0"]
[WhiteElo "2393"]
[BlackElo "2375"]
[PlyCount "85"]
[EventDate "2000.10.14"]
[EventType "team"]
[EventRounds "15"]
[EventCountry "GER"]
[SourceTitle "Bundesliga 0001"]
[Source "DeepChess"]
[SourceDate "2005.01.01"]
[SourceVersion "1"]
[SourceVersionDate "2005.01.01"]
[SourceQuality "1"]
[WhiteTeam "SG 1868 Aljech. Solingen"]
[BlackTeam "TV Tegernsee"]
[WhiteTeamCountry "GER"]
[BlackTeamCountry "GER"]

1. e4 c5 2. Nf3 d6 3. d4 cxd4 4. Nxd4 Nf6 5. Nc3 a6 6. Be2 e5 7. Nb3 Be7 8. O-O
O-O 9. a4 b6 10. Be3 Bb7 11. f3 Qc7 12. Nd5 Nxd5 13. exd5 Nd7 14. c4 a5 15. Nd2
Ba6 16. Rc1 f5 17. Kh1 Qd8 18. f4 exf4 19. Bxf4 Ne5 20. Nf3 Nxf3 21. Rxf3 Bg5
22. Bd3 Bxf4 23. Rxf4 Qg5 24. Qf3 g6 25. Rf1 Rf7 26. Qf2 Re8 27. Qxb6 Rb7 28.
Qxa6 Rxb2 29. g3 Qh5 30. h4 Rd2 31. Qb5 Re7 32. Qb8+ Kg7 33. Qxd6 Re3 34. Qc7+
Kh6 35. Qc5 Re8 36. Qc6 Re3 37. Qf6 Re8 38. Qg5+ Qxg5 39. hxg5+ Kxg5 40. R4f3
Kg4 41. R1f2 Rxf2 42. Rxf2 Kxg3 43. Re2 1-0

[Event "Bundesliga 0001"]
[Site "Deutschland"]
[Date "2001.04.01"]
[Round "13.1"]
[White "Dautov, Rustem"]
[Black "Movsesian, Sergei"]
[Result "0-1"]
[WhiteElo "2606"]
[BlackElo "2666"]
[PlyCount "92"]
[EventDate "2000.10.14"]
[EventType "team"]
[EventRounds "15"]
[EventCountry "GER"]
[SourceTitle "Bundesliga 0001"]
[Source "DeepChess"]
[SourceDate "2005.01.01"]
[SourceVersion "1"]
[SourceVersionDate "2005.01.01"]
[SourceQuality "1"]
[WhiteTeam "Godesberger SK 1929"]
[BlackTeam "SF Neukoelln 03 e.V."]
[WhiteTeamCountry "GER"]
[BlackTeamCountry "GER"]

1. d4 Nf6 2. Nf3 d5 3. c4 c6 4. Nc3 a6 5. cxd5 cxd5 6. Bg5 e6 7. e3 Be7 8. Bd3
b5 9. O-O Bb7 10. Qe2 O-O 11. a4 b4 12. Nb1 Nc6 13. Nbd2 Na5 14. Rfc1 h6 15.
Bh4 Qb6 16. Ne5 Rfc8 17. Bxf6 Bxf6 18. Nd7 Qd6 19. Nxf6+ gxf6 20. Qg4+ Kf8 21.
Qh5 Kg7 22. Qg4+ Kf8 23. Qh4 Kg7 24. Nf1 Nb3 25. Rxc8 Rxc8 26. Rd1 Rc1 27. Qg4+
Kf8 28. Rxc1 Nxc1 29. Bh7 Qc6 30. Ng3 f5 31. Qg8+ Ke7 32. h3 Nd3 33. Qg7 Nxb2
34. Bg6 Qe8 35. Nh5 Nc4 36. Nf6 Qc8 37. Qxf7+ Kd6 38. Ne8+ Kc6 39. Qe7 b3 40.
Qc5+ Kd7 41. Nf6+ Kd8 42. Qf8+ Kc7 43. Qe7+ Kb8 44. g4 b2 45. Qb4 a5 46. Qb3
Qd8 0-1

[Event "Bundesliga 0001"]
[Site "Deutschland"]
[Date "2001.04.01"]
[Round "13.2"]
[White "Stohl, Igor"]
[Black "Kengis, Edvins"]
[Result "0-1"]
[WhiteElo "2578"]
[BlackElo "2589"]
[PlyCount "80"]
[EventDate "2000.10.14"]
[EventType "team"]
[EventRounds "15"]
[EventCountry "GER"]
[SourceTitle "Bundesliga 0001"]
[Source "DeepChess"]
[SourceDate "2005.01.01"]
[SourceVersion "1"]
[SourceVersionDate "2005.01.01"]
[SourceQuality "1"]
[WhiteTeam "SF Neukoelln 03 e.V."]
[BlackTeam "Godesberger SK 1929"]
[WhiteTeamCountry "GER"]
[BlackTeamCountry "GER"]

1. Nf3 b6 2. g3 c5 3. Bg2 Bb7 4. c4 g6 5. d4 cxd4 6. Qxd4 Nf6 7. O-O Bg7 8. Nc3
O-O 9. Qh4 d6 10. Bh6 Nbd7 11. Rfd1 Rc8 12. b3 Rc5 13. Bxg7 Kxg7 14. Qd4 Qa8
15. Ne1 Bxg2 16. Nxg2 Re8 17. Ne3 Kf8 18. Ned5 Nxd5 19. Nxd5 Qc8 20. a4 Ne5 21.
Rac1 Qh3 22. f3 Qh6 23. Rc3 Rcc8 24. Kg2 Qg7 25. a5 e6 26. Ne3 bxa5 27. f4 Nd7
28. Qxg7+ Kxg7 29. Ra1 d5 30. Rc2 Rc5 31. cxd5 exd5 32. Kf2 Rb8 33. Rca2 Nf6
34. Rxa5 Rxb3 35. Nxd5 Ng4+ 36. Kg1 Rc2 37. R5a2 Rb1+ 38. Rxb1 Rxa2 39. h3 Nf2
40. Kg2 Rxe2 0-1